00558nam a2200193 a 4500001001300000003000900013005001700022008004100039020002300080082001600103100001800119245007300137260004600210300000800256500003500264505001700299650003000316700001800346nice12345678IN_TiNIC20260116012325.0050524s1994 amsa grp 000 0 eng  a905383X c10000a330.95bRUT aRutten, Mario aAsian Capitalists in the European Mirrorb Comparative Asian Studies aAmsterdambCentre for Asian Studiesc1994 a65p aincludes index and biblioraphy2 aBibliography aAsia-Economicndevelopment1 aRutten, Mario